000 00776nam a2200217Ia 4500
008 130821s1993 ck gr spa
020 _a9586001334
040 _aCo-BoUCM
_bspa
041 _aspa
100 _aDaniels, Aubrey C.
_9155014
245 _aGerencia del desempeño
_cAubrey C. Daniels ; Traducción Ramón Alvarado de la Torre
250 _a3a. ed.
260 _aBogotá (Cundinamarca, Colombia)
_bMcGraW-Hill Interamericana
_c1993
300 _a258 páginas
500 _aIncluye referencias bibliográficas, glosario e índice
650 0 4 _aAdministración de personal
_98562
650 0 4 _aDirectores de compañías
_913319
765 _tPerfomance Management.
942 _cLIBRO
_a16
_e3
_mD15
_2DEWEY
_h658.3
999 _c2888
_d2888